SHORTER OXFORD TEXTBOOK OF PSYCHIATRY (Record no. 3909)

MARC details
000 -LEADER
fixed length control field 00378nam a2200145Ia 4500
008 - FIXED-LENGTH DATA ELEMENTS--GENERAL INFORMATION
fixed length control field 150201s2005 xx 000 0 und d
082 ## - DEWEY DECIMAL CLASSIFICATION NUMBER
Classification number 616.89
Item number S2005G
100 ## - MAIN ENTRY--PERSONAL NAME
Personal name GELDER,MICHEL
245 ## - TITLE STATEMENT
Title SHORTER OXFORD TEXTBOOK OF PSYCHIATRY
250 ## - EDITION STATEMENT
Edition statement 3RD
260 ## - PUBLICATION, DISTRIBUTION, ETC. (IMPRINT)
Name of publisher, distributor, etc. OXFORD UNIVERSITY PRESS
Place of publication, distribution, etc. OXFORD (LONDON)
Date of publication, distribution, etc. 2005
300 ## - PHYSICAL DESCRIPTION
Extent 1-1050
650 ## - SUBJECT ADDED ENTRY--TOPICAL TERM
Topical term or geographic name as entry element PSYCHIATRY
942 ## - ADDED ENTRY ELEMENTS (KOHA)
Source of classification or shelving scheme Dewey Decimal Classification
Koha item type Books
Holdings
Withdrawn status Lost status Source of classification or shelving scheme Damaged status Not for loan Home library Current library Date acquired Source of acquisition Cost, normal purchase price Serial Enumeration / chronology SGTU Bill Number Total Checkouts Full call number Barcode Date last seen Bill Date Koha item type
    Dewey Decimal Classification     SGT Dental Library SGT Dental Library 01/02/2008 U.B.S.DELHI 695.00 1 SGTU 1378   616.89 S2005G FD4887 09/02/2015 01/01/2013 Books